[Event "Botvinnik Mem B"]
[Site "Elista RUS"]
[Date "2002.08.20"]
[Round "4"]
[White "Shabanov,Y"]
[Black "Litvinov,Vl"]
[Result "1/2-1/2"]
[WhiteElo "2445"]
[BlackElo "2390"]
[EventDate "2002.08.17"]

1. e4 c5 2. Nf3 d6 3. Bb5+ Nd7 4. d4 Ngf6 5. Nc3 a6 6. Bxd7+ Nxd7 7. O-O e6
8. Bg5 f6 9. Be3 Be7 10. a4 O-O 11. a5 cxd4 12. Nxd4 Ne5 13. b3 Nc6 14. Na4
Nxa5 15. Nxe6 Bxe6 16. Bb6 Qe8 17. Bxa5 f5 18. Nb6 Rb8 19. Qd3 Qc6 20. Nd5
Bf6 21. Rad1 fxe4 22. Nxf6+ Rxf6 23. Qxd6 Qxd6 24. Rxd6 Bg4 25. Rd4 Rc8 26.
c4 1/2-1/2

[Event "Botvinnik Mem B"]
[Site "Elista RUS"]
[Date "2002.08.21"]
[Round "5"]
[White "Kremenietsky,An"]
[Black "Chernikov,O"]
[Result "1/2-1/2"]
[WhiteElo "2375"]
[BlackElo "2464"]
[EventDate "2002.08.17"]

1. d4 d5 2. Bg5 Qd6 3. Nf3 Nf6 4. Bxf6 Qxf6 5. Nc3 c6 6. e4 dxe4 7. Nxe4
Qf4 8. Bd3 Bg4 9. Qd2 Qxd2+ 10. Nfxd2 Nd7 11. h3 Bf5 12. g4 Bxe4 13. Nxe4
e6 14. f4 Be7 15. O-O-O Nf6 16. Nxf6+ Bxf6 17. f5 O-O-O 18. fxe6 fxe6 19.
c3 e5 20. dxe5 Bxe5 21. Bf5+ Kc7 22. Rxd8 Kxd8 23. Rd1+ Kc7 24. Rd7+ Kb6
25. Kc2 a5 26. a4 h6 27. h4 Bf6 28. h5 Rd8 29. Rf7 Re8 30. Kd2 Re7 31. Rf8
Bg5+ 32. Kd3 Kc5 33. Ra8 Re3+ 34. Kc2 Re2+ 35. Kb3 b6 36. Bd3 Rf2 37. Re8
Kd6 38. Re2 Rxe2 1/2-1/2

[Event "Botvinnik Mem B"]
[Site "Elista RUS"]
[Date "2002.08.21"]
[Round "5"]
[White "Mantsinov,E"]
[Black "Gurgenidze,B"]
[Result "1-0"]
[WhiteElo "2158"]
[BlackElo "2196"]
[EventDate "2002.08.17"]

1. Nf3 Nf6 2. g3 d5 3. Bg2 c5 4. c4 d4 5. d3 Nc6 6. O-O e5 7. e3 Bd6 8.
exd4 cxd4 9. a3 a5 10. Nbd2 a4 11. Re1 O-O 12. b4 axb3 13. Qxb3 Qc7 14. a4
h6 15. Ba3 Bxa3 16. Qxa3 Bf5 17. h3 Ra7 18. g4 Bg6 19. Nh4 Bh7 20. Ne4 Nxe4
21. Bxe4 Bxe4 22. Rxe4 Rfa8 23. Qb3 Qa5 24. Nf5 Qc3 25. Qd1 Qb4 26. Rb1 Qf8
27. g5 hxg5 28. Qh5 Ne7 29. Rxe5 Nxf5 30. Rxf5 Qe7 31. Rxg5 Rxa4 32. Re5
Qc7 33. Qe2 Kf8 34. Re1 g6 35. Qe4 Qd8 36. Qxb7 Ra1 37. Rxa1 Rxa1+ 38. Kg2
Rd1 39. Qe4 f5 40. Rxf5+ gxf5 41. Qxf5+ Ke8 42. Qh5+ 1-0

[Event "Botvinnik Mem B"]
[Site "Elista RUS"]
[Date "2002.08.21"]
[Round "5"]
[White "Savon,V"]
[Black "Shabanov,Y"]
[Result "1/2-1/2"]
[WhiteElo "2421"]
[BlackElo "2445"]
[EventDate "2002.08.17"]

1. d4 d5 2. c4 e6 3. Nf3 Nf6 4. Nc3 Be7 5. Bg5 h6 6. Bh4 O-O 7. e3 b6 8.
Bd3 Bb7 9. O-O Nbd7 10. Bg3 c5 11. cxd5 Nxd5 12. Rc1 N7f6 13. Qe2 Nxc3 14.
bxc3 Ne4 15. Ne5 Bg5 16. f3 Nxg3 17. hxg3 Rc8 1/2-1/2

[Event "Botvinnik Mem B"]
[Site "Elista RUS"]
[Date "2002.08.23"]
[Round "6"]
[White "Chernikov,O"]
[Black "Litvinov,Vl"]
[Result "1-0"]
[WhiteElo "2464"]
[BlackElo "2390"]
[EventDate "2002.08.17"]

1. d4 Nf6 2. c4 d6 3. Nc3 g6 4. e4 Bg7 5. Nf3 O-O 6. Be2 e5 7. Be3 Qe7 8.
dxe5 dxe5 9. Nd5 Nxd5 10. cxd5 c6 11. O-O Rd8 12. Qb3 cxd5 13. exd5 b6 14.
Rfd1 Bb7 15. Rac1 Na6 16. Ng5 Qb4 17. Bxa6 Qxb3 18. axb3 Bxa6 19. Rc7 Rdc8
20. Rdc1 Rxc7 21. Rxc7 Rd8 22. Rxa7 Rxd5 23. h4 Bd3 24. Nxf7 Ra5 25. Rc7 e4
26. Nh6+ Bxh6 27. Bxh6 Ra8 28. Rg7+ Kh8 29. Rb7 b5 30. Bg7+ Kg8 31. Bc3 e3
32. fxe3 h5 33. Rd7 Bf5 34. Rb7 Bd3 35. Kf2 Rf8+ 36. Ke1 Rf1+ 37. Kd2 Be4
38. Re7 Bb1 39. Ke2 Rf7 40. Re8+ Rf8 41. Re6 Kf7 42. Rb6 Rd8 43. Kf3 Bd3
44. e4 Rg8 45. Ke3 Bc2 46. Rxb5 Re8 47. e5 Ke6 48. b4 Kf5 49. Rc5 Kg4 50.
Rc4+ Kf5 51. b5 Rb8 52. b6 g5 53. Bd4 Be4 54. g3 gxh4 55. gxh4 Rg8 56. Bc3
Rg3+ 57. Kd4 Rg4 58. Kc5 Rxh4 59. Rxe4 1-0

[Event "Botvinnik Mem B"]
[Site "Elista RUS"]
[Date "2002.08.23"]
[Round "6"]
[White "Savon,V"]
[Black "Matanovic,A"]
[Result "1/2-1/2"]
[WhiteElo "2421"]
[BlackElo "2490"]
[EventDate "2002.08.17"]

1. d4 Nf6 2. c4 e6 3. Nf3 b6 4. g3 Bb7 5. Bg2 Be7 6. O-O O-O 7. Nc3 Ne4 8.
Nxe4 Bxe4 9. Ne1 Bxg2 10. Nxg2 d5 11. Qa4 dxc4 12. Qxc4 c5 13. dxc5 Bxc5
14. Be3 Nd7 15. Rfd1 Qe7 16. Rac1 1/2-1/2

[Event "Botvinnik Mem B"]
[Site "Elista RUS"]
[Date "2002.08.23"]
[Round "6"]
[White "Shabanov,Y"]
[Black "Osnos,V"]
[Result "1/2-1/2"]
[WhiteElo "2445"]
[BlackElo "2384"]
[EventDate "2002.08.17"]

1. e4 c5 2. Nf3 e6 3. d3 d5 4. Qe2 Ne7 5. g3 Nbc6 6. Bg2 g6 7. h4 h6 8. O-O
Bg7 9. c3 O-O 10. e5 Rb8 11. Bf4 b5 12. Nbd2 c4 13. a3 a5 14. Rfe1 1/2-1/2

[Event "Botvinnik Mem B"]
[Site "Elista RUS"]
[Date "2002.08.24"]
[Round "7"]
[White "Mantsinov,E"]
[Black "Savon,V"]
[Result "0-1"]
[WhiteElo "2158"]
[BlackElo "2421"]
[EventDate "2002.08.17"]

1. Nf3 c5 2. g3 Nc6 3. c4 g6 4. Bg2 Bg7 5. Nc3 e6 6. O-O Nge7 7. e3 Nf5 8.
a3 O-O 9. Rb1 a5 10. d3 d5 11. Nb5 Nd6 12. Nxd6 Qxd6 13. Qc2 a4 14. Bd2 Bd7
15. Bc3 Na5 16. Rbd1 Rfd8 17. Bxg7 Kxg7 18. Qc3+ f6 19. cxd5 exd5 20. d4 c4
21. Nd2 f5 22. Nf3 Nc6 23. Ne5 Ra6 24. f4 Kg8 25. g4 Rb6 26. gxf5 Rb3 27.
Qc1 Bxf5 28. e4 dxe4 29. Qxc4+ Qd5 30. Rfe1 Qxc4 31. Nxc4 Nxd4 32. Rd2 b5
33. Red1 Rd3 34. Rxd3 exd3 35. Ne3 Ne2+ 36. Kf2 Nxf4 37. Bf3 Be6 38. Bc6
Bd7 39. Be4 Rf8 40. Kg3 Nh5+ 41. Kg2 Nf4+ 42. Kg3 Ne2+ 43. Kg2 Kg7 44. Bf3
Bh3+ 45. Kf2 Nd4 0-1

[Event "Botvinnik Mem B"]
[Site "Elista RUS"]
[Date "2002.08.24"]
[Round "7"]
[White "Litvinov,Vl"]
[Black "Gurgenidze,B"]
[Result "1/2-1/2"]
[WhiteElo "2390"]
[BlackElo "2196"]
[EventDate "2002.08.17"]

1. d4 Nf6 2. c4 e6 3. Nf3 Nc6 4. Nc3 Bb4 5. Qc2 d5 6. e3 O-O 7. a3 Bd6 8.
c5 Be7 9. b4 a6 10. Bd3 Re8 11. Bb2 h6 12. O-O Bf8 13. Ne5 Nxe5 14. dxe5
Nd7 15. Ne2 a5 16. f4 axb4 17. axb4 Rxa1 18. Rxa1 c6 19. Nd4 Qc7 20. Ra7
Qb8 21. Qa4 Bxc5 22. bxc5 Nxc5 23. Qa3 Nxd3 24. Ra8 Qxa8 25. Qxa8 Nxb2 26.
Nb3 Nc4 27. Nc5 Rf8 28. Nxb7 Bxb7 29. Qxb7 Nxe3 30. Qxc6 h5 31. Kf2 Nf5 32.
g3 d4 33. Qd7 Rb8 34. h3 Rb2+ 35. Ke1 Rb1+ 36. Kd2 g6 37. g4 hxg4 38. hxg4
Ne3 1/2-1/2

[Event "Botvinnik Mem B"]
[Site "Elista RUS"]
[Date "2002.08.24"]
[Round "7"]
[White "Matanovic,A"]
[Black "Shabanov,Y"]
[Result "1/2-1/2"]
[WhiteElo "2490"]
[BlackElo "2445"]
[EventDate "2002.08.17"]

1. e4 d6 2. d4 Nf6 3. Nc3 g6 4. Nf3 Bg7 5. Be2 O-O 6. h3 c6 7. a4 d5 8. e5
Ne4 9. O-O c5 10. Bd3 Nc6 11. Nxe4 dxe4 12. Bxe4 Nxd4 13. Re1 Rb8 14. Nxd4
Qxd4 15. Qxd4 cxd4 16. f4 Bf5 17. Bd2 Rfc8 18. c3 dxc3 19. Bxc3 Bxe4 20.
Rxe4 Rd8 21. Kf2 Kf8 22. Ke3 Ke8 23. Rd4 Rbc8 24. Rxd8+ Kxd8 25. Rd1+ Ke8
26. g4 e6 27. Bd4 a6 28. Rd3 Bf8 29. Rb3 Rc7 30. Rb6 Kd7 31. Ke4 Kc8 32. f5
Rc6 33. fxe6 Rxb6 34. e7 Bxe7 35. Bxb6 Kd7 36. Kd5 Bg5 37. b4 Be7 38. b5
axb5 39. axb5 Bg5 40. Ke4 1/2-1/2

[Event "Botvinnik Mem B"]
[Site "Elista RUS"]
[Date "2002.08.25"]
[Round "8"]
[White "Gurgenidze,B"]
[Black "Osnos,V"]
[Result "0-1"]
[WhiteElo "2196"]
[BlackElo "2384"]
[EventDate "2002.08.17"]

1. d4 Nf6 2. c4 g6 3. Nc3 Bg7 4. e4 d6 5. Bd3 O-O 6. Nge2 Nc6 7. O-O e5 8.
d5 Nd4 9. Nxd4 exd4 10. Nb5 Re8 11. Re1 Ng4 12. h3 a6 13. hxg4 axb5 14.
cxb5 Qh4 15. g5 Be5 16. f4 Bg4 17. Be2 Bxe2 18. Rxe2 Bxf4 19. Bxf4 Qxf4 20.
Qc1 Rxe4 21. Rxe4 Qxe4 22. Qxc7 Qxd5 0-1

[Event "Botvinnik Mem B"]
[Site "Elista RUS"]
[Date "2002.08.25"]
[Round "8"]
[White "Savon,V"]
[Black "Kremenietsky,An"]
[Result "1/2-1/2"]
[WhiteElo "2421"]
[BlackElo "2375"]
[EventDate "2002.08.17"]

1. d4 Nf6 2. c4 e6 3. Nf3 b6 4. g3 Ba6 5. Nbd2 c5 6. Bg2 Bb7 7. e4 cxd4 8.
O-O d6 9. Nxd4 a6 10. b3 Qc7 11. Bb2 Nbd7 12. Qe2 Be7 13. f4 1/2-1/2

[Event "Botvinnik Mem B"]
[Site "Elista RUS"]
[Date "2002.08.25"]
[Round "8"]
[White "Matanovic,A"]
[Black "Mantsinov,E"]
[Result "1/2-1/2"]
[WhiteElo "2490"]
[BlackElo "2158"]
[EventDate "2002.08.17"]

1. e4 Nf6 2. e5 Nd5 3. d4 d6 4. Nf3 Bg4 5. Be2 Nc6 6. c4 Nb6 7. exd6 exd6
8. d5 Bxf3 9. Bxf3 Ne5 10. Be2 Be7 11. O-O O-O 12. Nd2 Bf6 13. Qc2 Re8 14.
Ne4 Ng6 15. Nxf6+ Qxf6 16. Rd1 Re7 17. Bf1 Rae8 18. Be3 Ne5 19. h3 Qh4 20.
Rd4 Qh5 21. Be2 Qg6 22. Qxg6 Nxg6 23. b4 Re4 24. Rad1 Na4 25. Bf1 Nc3 26.
R1d2 f5 27. Rc2 f4 28. Rxe4 Nxe4 29. Bxa7 b6 30. Bd3 Nf6 31. c5 bxc5 32.
bxc5 Ne5 33. Bf5 Nxd5 34. cxd6 cxd6 35. Rd2 Nc3 36. Rxd6 g6 37. Bc2 Nb5 38.
Bb3+ Kg7 39. Ra6 Nxa7 40. Rxa7+ Kh6 41. Ra6 Nd3 42. Re6 Rc8 43. Re2 Rc1+
44. Kh2 Rf1 45. Bd5 Nxf2 46. g3 Nd3 47. Rd2 fxg3+ 48. Kxg3 Nb4 49. Bb3 Nc6
50. Kg2 Rf8 51. a4 Rb8 52. Bc4 Rb4 53. Bb5 Na5 54. Kg3 Kg5 55. Rd5+ Kf6 56.
Bd7 Ke7 57. h4 h6 58. Bb5 Ke6 59. Rd3 Ke5 60. Re3+ Kf6 61. Bd7 Rb3 62. Rxb3
Nxb3 63. Bc6 g5 64. h5 Ke5 65. Be8 Na5 66. Kf3 Nc4 67. Bb5 Na5 1/2-1/2

[Event "Botvinnik Mem B"]
[Site "Elista RUS"]
[Date "2002.08.25"]
[Round "8"]
[White "Shabanov,Y"]
[Black "Chernikov,O"]
[Result "1/2-1/2"]
[WhiteElo "2445"]
[BlackElo "2464"]
[EventDate "2002.08.17"]

1. e4 e5 2. Nf3 Nf6 3. Nxe5 d6 4. Nf3 Nxe4 5. Qe2 Qe7 6. d3 Nf6 7. Bg5 Nbd7
8. Nc3 Qxe2+ 9. Bxe2 h6 10. Bh4 g5 11. Bg3 Bg7 12. h4 g4 13. Nd2 Nb6 14. h5
Nfd5 15. Nxd5 Nxd5 1/2-1/2

[Event "Botvinnik Mem B"]
[Site "Elista RUS"]
[Date "2002.08.26"]
[Round "9"]
[White "Litvinov,Vl"]
[Black "Savon,V"]
[Result "1/2-1/2"]
[WhiteElo "2390"]
[BlackElo "2421"]
[EventDate "2002.08.17"]

1. e4 e5 2. Nf3 Nc6 3. Bb5 a6 4. Ba4 Nf6 5. O-O Be7 6. Re1 b5 7. Bb3 d6 8.
c3 O-O 9. h3 Na5 10. Bc2 c5 11. d4 Qc7 12. Nbd2 Bd7 13. Nf1 Nc4 14. Ne3
Nxe3 15. Bxe3 Rac8 1/2-1/2

[Event "Botvinnik Mem B"]
[Site "Elista RUS"]
[Date "2002.08.26"]
[Round "9"]
[White "Chernikov,O"]
[Black "Gurgenidze,B"]
[Result "1-0"]
[WhiteElo "2464"]
[BlackElo "2196"]
[EventDate "2002.08.17"]

1. d4 e6 2. c4 Bb4+ 3. Bd2 Bxd2+ 4. Qxd2 Ne7 5. Nc3 O-O 6. Nf3 d6 7. e4 Nd7
8. Bd3 e5 9. O-O c6 10. Bc2 Qc7 11. b4 b6 12. Rfd1 Ng6 13. Bb3 a5 14. b5 c5
15. dxc5 dxc5 16. Qd6 Ra7 17. h4 Nf6 18. h5 Nxh5 19. Qxc7 Rxc7 20. Rd6 Rb7
21. Na4 Nhf4 22. Nxb6 Bg4 23. Na4 Bxf3 24. Nxc5 Bxe4 25. Nxe4 Ne2+ 26. Kf1
Nd4 27. Rb1 Rc8 28. a4 Nxb3 29. Rxb3 Rxc4 30. Rd8+ Nf8 31. Nd6 Rc1+ 32. Ke2
Rd7 33. Rxd7 Nxd7 34. b6 Kf8 35. b7 Ke7 36. Rb6 g6 37. Ne4 Rc4 38. Kd3 Rxa4
39. b8=Q Nxb8 40. Rxb8 Ra2 41. Rb7+ Ke6 42. g4 h6 43. f3 Ra1 44. Ra7 Ra3+
45. Nc3 Kf6 46. Rc7 Ra1 47. Ne4+ Ke6 48. Ra7 f5 49. Ra6+ Ke7 50. Nc5 fxg4
51. fxg4 Rg1 52. Rxg6 Kf7 53. Rxh6 Rxg4 54. Ra6 a4 55. Ne4 Rh4 56. Rxa4 Rh6
57. Kc4 Rh1 58. Kd5 Rb1 59. Kxe5 Rb5+ 60. Kd6 Rb6+ 61. Kd5 Rb5+ 62. Nc5 Kg6
63. Rf4 Kg5 64. Rf1 Kg4 65. Kd4 Ra5 66. Rf8 Kg5 67. Ne6+ Kg6 68. Ke4 Ra4+
69. Nd4 Ra5 70. Nc6 Kg7 71. Rf2 Rb5 72. Ne5 Ra5 73. Rf7+ Kg8 74. Rc7 Kf8
75. Kf5 Ke8 76. Ke6 Kd8 77. Rd7+ Kc8 78. Nc6 Ra1 79. Ne7+ Kb8 80. Kd6 Rd1+
81. Nd5 Kc8 82. Rc7+ Kd8 83. Rh7 Ke8 84. Ke6 Re1+ 85. Kf5 Kd8 86. Nf6 Kc8
87. Ne4 Kd8 88. Ke5 Ke8 89. Kd5 Kf8 90. Ke5 Ke8 91. Ra7 Kf8 92. Kf5 Ke8 93.
Rh7 Kd8 94. Nc5 Kc8 95. Ne6 Kb8 96. Rh2 Kb7 97. Rc2 Kb6 98. Nd4 Kb7 99. Nf3
Re3 100. Ne5 Re1 101. Ke6 Kb6 102. Rc3 Rd1 103. Nd3 Kb5 104. Kd5 Rd2 105.
Rb3+ Ka4 106. Rb1 Rxd3+ 107. Kc4 Rd5 108. Rc1 Rd4+ 109. Kxd4 1-0

[Event "Botvinnik Mem B"]
[Site "Elista RUS"]
[Date "2002.08.26"]
[Round "9"]
[White "Kremenietsky,An"]
[Black "Matanovic,A"]
[Result "1/2-1/2"]
[WhiteElo "2375"]
[BlackElo "2490"]
[EventDate "2002.08.17"]

1. d4 e6 2. c4 Nf6 3. Nf3 b6 4. g3 Bb7 5. Bg2 Be7 6. O-O O-O 7. Bf4 d6 8.
Nc3 Ne4 9. Nxe4 Bxe4 10. Qd2 Nd7 11. Rfd1 a5 12. Rac1 Nf6 13. Ne1 Bxg2 14.
Kxg2 Nh5 15. Be3 f5 16. Nd3 Qe8 17. f3 c5 18. dxc5 bxc5 19. Nf4 Nxf4+ 20.
Bxf4 e5 21. Bg5 Bxg5 22. Qxg5 Rf6 23. Qd2 Qc6 24. Rc3 a4 25. Qc2 Rb8 26.
Ra3 Rb4 27. b3 axb3 28. axb3 Rb8 29. Ra5 Ra8 30. Rxa8+ Qxa8 31. Qc3 h6 32.
b4 Qa4 33. Rb1 cxb4 34. Rxb4 Qa7 35. Rb5 Kh7 36. Qd3 Qf7 37. Rd5 Qg6 38.
Rb5 Qf7 1/2-1/2